| 000 -LEADER |
| fixed length control field |
01107nam a22001577a 4500 |
| 008 - FIXED-LENGTH DATA ELEMENTS--GENERAL INFORMATION |
| fixed length control field |
230927b ||||| |||| 00| 0 eng d |
| 100 ## - MAIN ENTRY--PERSONAL NAME |
| Personal name |
Chatterjee, Kasturi |
| 245 ## - TITLE STATEMENT |
| Title |
Atoning for violent pasts: Assessing the promise and perils of political apologies |
| 260 ## - PUBLICATION, DISTRIBUTION, ETC. (IMPRINT) |
| Place of publication, distribution, etc |
Social Action |
| 300 ## - PHYSICAL DESCRIPTION |
| Extent |
73(2), Apr-Jun, 2023: p.136-149 |
| 520 ## - SUMMARY, ETC. |
| Summary, etc |
Political apologies have become a significant means by which societies address their violent pasts. They are valued for their ability to rectify past wrongs, provide closure and engender hope for future reconciliation. Despite this, political apologies also draw criticism for being insincere, hypocritical and doing too little too late. This paper aims to examine political topologies along three key lines. The first part of the paper evaluates the essential elements of a successful apology, taking into account its meaning classification and contact. – Reproduced |
| 650 ## - SUBJECT ADDED ENTRY--TOPICAL TERM |
| Topical term or geographic name as entry element |
Political apology, Historical justice, Reconciliation, Reparation, Politics of regret. |
| 9 (RLIN) |
40860 |
| 773 ## - HOST ITEM ENTRY |
| Main entry heading |
Social Action |
| 906 ## - LOCAL DATA ELEMENT F, LDF (RLIN) |
| Subject DIP |
VIOLENCE |
| 942 ## - ADDED ENTRY ELEMENTS (KOHA) |
| Item type |
Articles |